000 00296nam a2200121Ia 4500
008 220204s9999 xx 000 0 und d
082 _a057
_bGRA
100 _aGRAUBARO, Mark
245 0 _aFoundations of lifescience
260 _aNew Jersey
_bVan Nostrand
650 _aLife science
942 _cBK
999 _c20945
_d20945